LEADER 01078nam a2200253 i 4500 001 000000168730 003 CaOOAMICUS 005 20250926101442.0 008 080124s1998 it u000 u ita u 020 $a88-215-3748-X 040 $aSeMil$bita 100 1 $aCarcione, Filippo.$0(OLS)http://semarc/name/19675 245 13$aLe Chiese d'oriente :$bidentità, patrimonio e quadro generale 1997 /$cFilippo Carcione. 264 1$aCinisello Balsamo :$bSan Paolo,$c1998. 300 $a286 p. ;$c22 cm. 490 1 $aUniverso teologia ;$v61 650 4$aChiese Orientali.$0(OLS)http://semarc/subject/2275 830 0$aUniverso teologia ;$v61.$0(OLS)http://semarc/title/224 850 $aSeMil 852 $aSeMil$W1$xVenegono$y1$m3A II 456$j262369$B119751$CSeMilBibl$Z2$F131130 $81 996 $6020$a88-215-3748-X$9(OLS)http://semarc/number/155544 996 $6245$aLe Chiese d'oriente :$bidentità, patrimonio e quadro generale 1997$9(OLS)http://semarc/title/241381 996 $6264$aCinisello Balsamo :$bSan Paolo$9(OLS)http://semarc/publisher/30129 LEADER 01080nam a2200241 i 4500 001 000000152868 003 CaOOAMICUS 005 20060906000000.0 008 060906s1970 fr u000 u fre u 013 $a130209 040 $aSeMil$bita 100 1 $aDuprez, Adrien.$0(OLS)http://semarc/name/59894 245 10$aJésus et les Dieux guérisseurs :$ba propos de Jean, 5. /$cpar A. Duprez. 260 $aParis :$bGabalda,$c1970. 300 $a184 p., [3] c. di tav. pieg., [11] p. di tav. :$bill., piante ;$c25 cm. 490 0 $aCahiers de la Revue biblique ;$v12 650 4$aGesù Cristo - Guarigioni.$0(OLS)http://semarc/subject/10064 650 4$aBibbia - NT - Giovanni, 5.$0(OLS)http://semarc/subject/29837 830 0$aCahiers de la Revue biblique ;$v12.$0(OLS)http://semarc/title/190 850 $aSeMil 852 $aSeMil$W1$xVenegono$y1$m2IA C 12$j269601$B104812$CSeMilBibl$Z2$F113970 $81 996 $6245$aJésus et les Dieux guérisseurs :$ba propos de Jean, 5.$9(OLS)http://semarc/title/223559 996 $6260$aParis :$bGabalda$9(OLS)http://semarc/publisher/29624